[Event "13sen.WMH 2003 Senioren"]
[Site "Bad Zwischenahn(17.11.-29.11.2003)"]
[Date "2003.??.??"]
[Round "1.68"]
[White "Niebling, Ferdinand"]
[Black "Bitzer, Dieter"]
[Result "1/2-1/2"]
[WhiteElo "2068"]
[BlackElo "1735"]
[PlyCount "120"]


1. e4 e5 2. Nf3 Nc6 3. Bb5 a6 4. Bxc6 dxc6 5. O-O Bg4 6. h3 Bxf3 7. Qxf3 Qf6 8.
Qxf6 Nxf6 9. d3 O-O-O 10. Nd2 Nd7 11. Nc4 f6 12. f4 exf4 13. Bxf4 Nc5 14. a4
Ne6 15. Be3 Bc5 16. Bxc5 Nxc5 17. Rf3 Ne6 18. b4 Nd4 19. Rf2 b5 20. Ne3 Ne6 21.
Nf5 Kb7 22. Ra3 Rhf8 23. Rc3 g6 24. Ne3 Nd4 25. g4 h5 26. axb5 axb5 27. gxh5
gxh5 28. Rc5 Rd7 29. Rxh5 Rg7+ 30. Ng4 Ne6 31. Kf1 Rfg8 32. Rxf6 Ng5 33. Nf2
Nf7 34. e5 Rg5 35. Rxg5 Nxg5 36. h4 Nh7 37. Rf7 Nf8 38. h5 Ne6 39. h6 Rh8 40.
Ng4 c5 41. Rf6 Nd4 42. bxc5 Nxc2 43. e6 b4 44. Ne5 Ne3+ 45. Ke2 Nd5 46. Nf7 Rh7
47. Rf5 b3 48. Kd2 b2 49. Rf1 Kc6 50. d4 Ne7 51. Rb1 Nf5 52. Rxb2 Nxd4 53. e7
Kd7 54. Kd3 Ne6 55. Ne5+ Kxe7 56. Rh2 Nxc5+ 57. Ke3 Ne6 58. Ke4 Kf6 59. Rf2+
Ke7 60. Ng6+ Ke8 1/2-1/2

[Event "13sen.WMH 2003 Senioren"]
[Site "Bad Zwischenahn(17.11.-29.11.2003)"]
[Date "2003.??.??"]
[Round "1.69"]
[White "Kerkhoff, Werner"]
[Black "Broberg, Horst"]
[Result "1/2-1/2"]
[WhiteElo "1691"]
[BlackElo "1958"]
[PlyCount "78"]


1. c4 e5 2. g3 Nf6 3. Bg2 Nc6 4. d3 Bb4+ 5. Bd2 Bxd2+ 6. Qxd2 O-O 7. Nh3 d6 8.
O-O Nd4 9. Nc3 c6 10. Ng5 h6 11. Nge4 Nxe4 12. dxe4 Qe7 13. Rad1 Rd8 14. b3 Ne6
15. Bh3 Ng5 16. Bxc8 Raxc8 17. f3 Qe6 18. Qe3 b6 19. h4 Nh7 20. Kf2 f5 21. exf5
Qxf5 22. Kg2 Nf6 23. Ne4 Nxe4 24. Qxe4 Qxe4 25. fxe4 Rc7 26. Rd3 Rcd7 27. Rfd1
Kf7 28. Kf2 Ke6 29. Ke3 Rf8 30. b4 Rfd8 31. Rc1 Rc8 32. Rcc3 Rcc7 33. a4 a5 34.
b5 cxb5 35. cxb5 Rc5 36. Rxc5 dxc5 37. Rxd7 Kxd7 38. g4 Ke6 39. Kd3 g6 1/2-1/2

[Event "13sen.WMH 2003 Senioren"]
[Site "Bad Zwischenahn(17.11.-29.11.2003)"]
[Date "2003.??.??"]
[Round "1.70"]
[White "Boeven, Manfred"]
[Black "Bartle, Georg"]
[Result "1/2-1/2"]
[WhiteElo "2005"]
[BlackElo "1682"]
[PlyCount "51"]


1. d4 f5 2. Nc3 Nf6 3. f3 g6 4. e4 fxe4 5. fxe4 d6 6. Nf3 Bg7 7. Bc4 Bg4 8. h3
Bxf3 9. Qxf3 Nc6 10. Be3 e5 11. O-O-O exd4 12. Bxd4 Nxd4 13. Rxd4 Rf8 14. Rdd1
Nd5 15. Qd3 Nxc3 16. bxc3 Qg5+ 17. Kb2 O-O-O 18. g4 Qe7 19. Rhf1 Be5 20. Qe3
Kb8 21. a3 Rxf1 22. Rxf1 Rf8 23. Rf3 Rxf3 24. Qxf3 Qf6 25. Qxf6 Bxf6 26. Bg8
1/2-1/2

[Event "13sen.WMH 2003 Senioren"]
[Site "Bad Zwischenahn(17.11.-29.11.2003)"]
[Date "2003.??.??"]
[Round "1.71"]
[White "Meinhardt, Guenther"]
[Black "Springer, Artur"]
[Result "1/2-1/2"]
[WhiteElo "1737"]
[BlackElo "1832"]
[PlyCount "29"]


1. Nf3 d5 2. d4 f5 3. c4 e6 4. g3 Nf6 5. Bg2 c6 6. O-O Be7 7. Nc3 O-O 8. Qc2
Nbd7 9. cxd5 exd5 10. Bf4 Ne4 11. Ne5 Ndf6 12. Nd3 Qe8 13. f3 Nd6 14. Bxd6 Bxd6
15. Qd2 1/2-1/2

[Event "13sen.WMH 2003 Senioren"]
[Site "Bad Zwischenahn(17.11.-29.11.2003)"]
[Date "2003.??.??"]
[Round "1.72"]
[White "Schlag, Franz"]
[Black "Brandt, Fred"]
[Result "1-0"]
[WhiteElo "1976"]
[BlackElo "1641"]
[PlyCount "109"]


1. e4 e5 2. Nf3 Nf6 3. Nc3 Bb4 4. Nd5 Nxd5 5. exd5 d6 6. c3 Bc5 7. Qc2 O-O 8.
d3 Bf5 9. Be3 Re8 10. Qd2 Nd7 11. d4 exd4 12. Nxd4 Bg6 13. O-O-O a5 14. h4 Bxd4
15. Bxd4 f6 16. h5 Bf7 17. h6 g6 18. c4 c5 19. Bc3 b6 20. f4 Qe7 21. Bd3 Qe3
22. Rde1 Qxd2+ 23. Kxd2 Rxe1 24. Kxe1 Re8+ 25. Kf2 Kf8 26. g4 Kg8 27. Rg1 Kf8
28. Rd1 Kg8 29. Bc2 g5 30. Bf5 Nf8 31. Bd2 Bg6 32. Re1 Rxe1 33. Kxe1 Bxf5 34.
gxf5 Kf7 35. fxg5 fxg5 36. Bxg5 Nd7 37. Bd8 Ke8 38. Bc7 Ke7 39. b3 Kf6 40. Bxd6
Kxf5 41. Kf2 Kg5 42. Kg3 Kxh6 43. Kg4 Kg6 44. Bc7 h6 45. Bd8 h5+ 46. Kf4 Kg7
47. Bh4 Kf7 48. Kf5 Nf8 49. Bd8 Nd7 50. Kg5 Ke8 51. Bc7 Kf7 52. Kxh5 Kg7 53.
Kg5 Kh7 54. Kf5 Kg7 55. Ke6 1-0

[Event "13sen.WMH 2003 Senioren"]
[Site "Bad Zwischenahn(17.11.-29.11.2003)"]
[Date "2003.??.??"]
[Round "1.73"]
[White "Stiemerling, Karl-Heinz"]
[Black "Davydov, Mikhail"]
[Result "0-1"]
[WhiteElo "1623"]
[BlackElo "2010"]
[PlyCount "50"]


1. d4 Nf6 2. c4 g6 3. Nc3 d5 4. e3 Bg7 5. Nf3 O-O 6. Be2 c5 7. cxd5 Nxd5 8. O-O
Nc6 9. Bc4 Nb6 10. d5 Nb4 11. Qe2 Bxc3 12. bxc3 N4xd5 13. Bxd5 Qxd5 14. Rd1 Qc4
15. Qe1 f6 16. Ba3 Bg4 17. Rdc1 Bxf3 18. gxf3 Rfd8 19. e4 Nd7 20. Qe3 b6 21.
Re1 Ne5 22. Kg2 Rd3 23. Qe2 Nxf3 24. Red1 Ne5 25. f4 Rg3+ 0-1

[Event "13sen.WMH 2003 Senioren"]
[Site "Bad Zwischenahn(17.11.-29.11.2003)"]
[Date "2003.??.??"]
[Round "1.74"]
[White "Hobusch, Werner"]
[Black "Weller, Friedhelm"]
[Result "0-1"]
[WhiteElo "1999"]
[BlackElo "1704"]
[PlyCount "112"]


1. e4 e5 2. Nf3 d6 3. d4 Nd7 4. Bc4 c6 5. O-O Be7 6. c3 b5 7. Bb3 Ngf6 8. Re1
O-O 9. Nbd2 a5 10. a4 Bb7 11. Nf1 Qc7 12. Ng3 Nb6 13. Nf5 c5 14. d5 c4 15. Bc2
bxa4 16. Bxa4 Bd8 17. Bg5 Nbd7 18. Qd2 Nc5 19. Bc2 a4 20. Nxg7 Bc8 21. Bxf6
Bxf6 22. Nh5 Qe7 23. Qh6 Bh8 24. Nd2 Nd3 25. Bxd3 cxd3 26. Re3 f5 27. Rg3+ Kf7
28. Qxh7+ Ke8 29. Qg6+ Kd8 30. exf5 Bxf5 31. Qg5 e4 32. Nf4 Be5 33. Qxe7+ Kxe7
34. Ng6+ Bxg6 35. Rxg6 Rfb8 36. Re6+ Kd7 37. Nxe4 Rxb2 38. g3 a3 39. Rxe5 dxe5
40. Nc5+ Kd6 41. Nxd3 Kxd5 42. Kg2 e4 43. Nxb2 axb2 44. Rb1 Ra2 45. h4 Kc4 46.
h5 Kxc3 47. g4 Kc2 48. Rxb2+ Rxb2 49. Kg3 Kd3 50. h6 Kd4 51. h7 Rb8 52. g5 Ke5
53. Kg4 Rh8 54. g6 Kf6 55. Kh5 Kg7 56. Kg5 Rf8 0-1

[Event "13sen.WMH 2003 Senioren"]
[Site "Bad Zwischenahn(17.11.-29.11.2003)"]
[Date "2003.??.??"]
[Round "1.75"]
[White "Mueller, Helmut[30Lüneb]"]
[Black "Batakovs, Olegs"]
[Result "0-1"]
[WhiteElo "1694"]
[BlackElo "2123"]
[PlyCount "76"]


1. d4 Nf6 2. c4 g6 3. Nc3 Bg7 4. e4 d6 5. Nf3 O-O 6. Be2 e5 7. d5 Nbd7 8. O-O
a5 9. Bg5 h6 10. Be3 b6 11. h3 Kh7 12. a3 Nc5 13. Nd2 Bd7 14. Qc2 a4 15. Bxc5
dxc5 16. Rad1 Ne8 17. Rfe1 Nd6 18. Nf1 f5 19. exf5 gxf5 20. Ne3 Kh8 21. Bf1 Qg5
22. f3 h5 23. Qf2 Bh6 24. Nc2 Rae8 25. Kh2 h4 26. Kh1 Qf6 27. Ne3 Bf4 28. Qc2
Qg5 29. Qf2 Bg3 30. Qg1 Bxe1 31. Rxe1 e4 32. fxe4 Nxe4 33. Nxe4 Rxe4 34. Nc2
Qg3 35. Re3 Rxe3 36. Qxe3 Qxe3 37. Nxe3 f4 38. Nc2 f3 0-1

[Event "13sen.WMH 2003 Senioren"]
[Site "Bad Zwischenahn(17.11.-29.11.2003)"]
[Date "2003.??.??"]
[Round "1.76"]
[White "Kruek, Josef"]
[Black "Nolte, Wilhelm"]
[Result "1-0"]
[WhiteElo "2000"]
[BlackElo "2405"]
[PlyCount "99"]


1. e4 e6 2. d4 d5 3. Nd2 dxe4 4. Nxe4 Bd7 5. Nf3 Bc6 6. Bd3 Bxe4 7. Bxe4 c6 8.
O-O Nf6 9. Bd3 Nbd7 10. Re1 c5 11. c3 Be7 12. Qe2 cxd4 13. Nxd4 a6 14. Bf4 O-O
15. Bg3 Bc5 16. Rad1 Bxd4 17. cxd4 Nd5 18. Be4 N7f6 19. Bf3 Rc8 20. Be5 b5 21.
g3 Qa5 22. Bxd5 Nxd5 23. Qg4 g6 24. Qh4 Rc6 25. Qh6 f6 26. Bf4 Qxa2 27. Bc1 Qa5
28. Qh3 Qb6 29. Qg4 a5 30. h4 Kf7 31. h5 Rg8 32. hxg6+ hxg6 33. Kg2 Rcc8 34.
Rh1 Rh8 35. Rh4 Qc6 36. Kg1 g5 37. Rh5 Rcg8 38. Bd2 a4 39. Rc1 Qd7 40. Kg2 Ke7
41. Qh3 Rxh5 42. Qxh5 Rg7 43. Qh8 Kd6 44. Qb8+ Ke7 45. Rc5 Kf7 46. Qxb5 Qa7 47.
Qc4 Kg6 48. Qc2+ f5 49. Rc6 Rc7 50. Rxe6+ 1-0

[Event "13sen.WMH 2003 Senioren"]
[Site "Bad Zwischenahn(17.11.-29.11.2003)"]
[Date "2003.??.??"]
[Round "1.79"]
[White "Dirksen, Arno"]
[Black "Lundgren, Bernt"]
[Result "0-1"]
[WhiteElo "1678"]
[BlackElo "2066"]
[PlyCount "80"]


1. e4 c6 2. d4 d5 3. e5 c5 4. c3 Nc6 5. Be3 Bf5 6. Bb5 cxd4 7. Bxd4 e6 8. f4 h5
9. Nf3 a6 10. Bxc6+ bxc6 11. O-O Nh6 12. Nbd2 c5 13. Bf2 Be7 14. Qa4+ Qd7 15.
Qxd7+ Kxd7 16. Bh4 Bd3 17. Rfe1 Nf5 18. Bxe7 Kxe7 19. Nb3 Rhc8 20. Nc1 Bb5 21.
Kf2 a5 22. b3 Rab8 23. Ne2 a4 24. Rec1 axb3 25. axb3 Bxe2 26. Kxe2 Rc7 27. Rcb1
Rcb7 28. Nd2 f6 29. Ra5 fxe5 30. fxe5 Rc7 31. Ra4 Nh6 32. Rf4 Ra7 33. Rb2 Nf7
34. Nf3 Rab7 35. b4 g5 36. Rf6 Nxe5 37. Nxe5 Kxf6 38. Nc6 Rc8 39. Na5 Rb5 40.
Kd3 Ra8 0-1

[Event "13sen.WMH 2003 Senioren"]
[Site "Bad Zwischenahn(17.11.-29.11.2003)"]
[Date "2003.??.??"]
[Round "1.80"]
[White "Daniel, Wolfgang"]
[Black "Krawinkel, Hans-Werner"]
[Result "1/2-1/2"]
[WhiteElo "1930"]
[BlackElo "1756"]
[PlyCount "80"]


1. e4 c5 2. c4 Nc6 3. Nf3 d6 4. d4 cxd4 5. Nxd4 e6 6. Nc3 Be7 7. Be2 Nf6 8. Be3
e5 9. Nc2 Be6 10. O-O O-O 11. Rc1 Qc8 12. f3 Rd8 13. Nd5 Qd7 14. Nxe7+ Qxe7 15.
Qd2 b6 16. Rfd1 Rac8 17. Bg5 h6 18. Bh4 g5 19. Bf2 Nh5 20. g3 Ng7 21. Nb4 Nxb4
22. Qxb4 f5 23. Rc3 fxe4 24. fxe4 Ne8 25. Rb3 Nf6 26. Bf3 Bg4 27. Bxg4 Nxg4 28.
Rf3 Nf6 29. Qe1 Ng4 30. Qe2 Nxf2 31. Qxf2 Rf8 32. Rf5 Qe6 33. g4 Rxf5 34. gxf5
Qf6 35. Qd2 Rd8 36. Qe2 Kf8 37. Qh5 Kg7 38. Rd2 Qf7 39. Qg4 Kf6 40. h4 Qg7
1/2-1/2

[Event "13sen.WMH 2003 Senioren"]
[Site "Bad Zwischenahn(17.11.-29.11.2003)"]
[Date "2003.??.??"]
[Round "1.81"]
[White "Miessner, Rolf"]
[Black "Dorawa, Bernhard"]
[Result "0-1"]
[WhiteElo "1616"]
[BlackElo "1945"]
[PlyCount "136"]


1. e4 c5 2. Nc3 d6 3. g3 g6 4. Bg2 Bg7 5. d3 Nc6 6. Be3 e6 7. Qd2 Nd4 8. h3 Rb8
9. Rb1 Ne7 10. Nce2 O-O 11. c3 Nxe2 12. Nxe2 Qc7 13. O-O Bd7 14. f4 f5 15. d4
fxe4 16. Bxe4 Bc6 17. Bxc6 Qxc6 18. g4 b6 19. Ng3 Rf7 20. Rf2 Rbf8 21. Rbf1 Qd5
22. b3 cxd4 23. cxd4 Nc6 24. Rd1 a5 25. Qd3 Nb4 26. Qc4 b5 27. Qe2 Rc7 28. Qf3
Rc3 29. Ne4 Rc6 30. Qg2 Rfc8 31. f5 Nc2 32. Qf3 Nxe3 33. Qxe3 Rc2 34. Rxc2 Rxc2
35. f6 Bf8 36. Rd2 Rxd2 37. Nxd2 h6 38. Qe4 Qxe4 39. Nxe4 Kf7 40. g5 hxg5 41.
Nxg5+ Kxf6 42. Ne4+ Kf5 43. Nc3 b4 44. Nb5 d5 45. Kf2 Ke4 46. Ke2 Bg7 47. Nc7
Bxd4 48. Nxe6 Bb6 49. Ng5+ Kf4 50. h4 Kg3 51. Nf3 Bc7 52. Nd4 Kxh4 53. Nb5 Bb6
54. a3 bxa3 55. Nxa3 g5 56. Nc2 g4 57. Ne1 Kg5 58. Ng2 Kf5 59. Nh4+ Ke4 60. Ng2
d4 61. Ne1 Bd8 62. Nd3 Be7 63. Nf2+ Kf4 64. Nd3+ Kf5 65. Ne1 Ke4 66. Ng2 d3+
67. Kd1 Bb4 68. Nh4 g3 0-1

[Event "13sen.WMH 2003 Senioren"]
[Site "Bad Zwischenahn(17.11.-29.11.2003)"]
[Date "2003.??.??"]
[Round "1.83"]
[White "Boehm, Karl"]
[Black "Maugg, Ludwig"]
[Result "0-1"]
[WhiteElo "1615"]
[BlackElo "2043"]
[PlyCount "72"]


1. d4 Nf6 2. c4 c5 3. d5 b5 4. e3 bxc4 5. Bxc4 g6 6. Nf3 d6 7. h3 Bg7 8. O-O
O-O 9. Nc3 Nbd7 10. e4 Nb6 11. Qe2 Nxc4 12. Qxc4 Rb8 13. Re1 Nd7 14. Qe2 Qa5
15. Bg5 Ba6 16. Qc2 Rxb2 17. Qxb2 Bxc3 18. Qc1 Bxe1 19. Qxe1 Qxe1+ 20. Rxe1 f6
21. Be3 Rb8 22. Ra1 Bd3 23. Nd2 Rb2 24. f3 Nb6 25. a4 a5 26. h4 Bc2 27. g4 Rb4
28. Ra2 Bxa4 29. g5 fxg5 30. Bxg5 Kf7 31. Kf2 c4 32. Be3 c3 33. Nf1 Rb2+ 34.
Rxb2 cxb2 35. Nd2 Nc4 36. Nb1 Bc2 0-1

[Event "13sen.WMH 2003 Senioren"]
[Site "Bad Zwischenahn(17.11.-29.11.2003)"]
[Date "2003.??.??"]
[Round "1.84"]
[White "Helmsen, Franz"]
[Black "Ollek, Karl-Heinz"]
[Result "1-0"]
[WhiteElo "1958"]
[BlackElo "1606"]
[PlyCount "49"]


1. e4 d6 2. d4 Nf6 3. Nc3 g6 4. f4 Bg7 5. Nf3 O-O 6. Bd3 Nbd7 7. O-O c5 8. d5
Qc7 9. Qe2 a6 10. a4 b6 11. Kh1 Bb7 12. Bc4 Rfe8 13. e5 dxe5 14. fxe5 Ng4 15.
e6 Nde5 16. Nxe5 Nxe5 17. exf7+ Nxf7 18. Qe6 Rf8 19. Bf4 Be5 20. Bxe5 Qxe5 21.
Rxf7 Qxe6 22. dxe6 Rad8 23. Raf1 Rxf7 24. exf7+ Kf8 25. Rd1 1-0

[Event "13sen.WMH 2003 Senioren"]
[Site "Bad Zwischenahn(17.11.-29.11.2003)"]
[Date "2003.??.??"]
[Round "1.85"]
[White "Daitche, Josef"]
[Black "Potthammel, Joerg"]
[Result "1/2-1/2"]
[WhiteElo "1649"]
[BlackElo "1972"]
[PlyCount "56"]


1. Nf3 Nf6 2. c4 c5 3. Nc3 Nc6 4. g3 g6 5. Bg2 Bg7 6. O-O O-O 7. e3 a6 8. d4
cxd4 9. exd4 d5 10. c5 Ne4 11. Na4 Bg4 12. Nb6 Nxd4 13. Nxa8 Nxc5 14. Be3 Nce6
15. Bxd4 Nxd4 16. Qd3 Bxf3 17. Bxf3 Nxf3+ 18. Qxf3 e6 19. Rac1 Qxa8 20. Rc7 Be5
21. Rc2 Rc8 22. Rfc1 Rxc2 23. Rxc2 Qd8 24. Qe3 Bd6 25. Qc3 Qd7 26. Qc8+ Qxc8
27. Rxc8+ Kg7 28. Kf1 h5 1/2-1/2

[Event "13sen.WMH 2003 Senioren"]
[Site "Bad Zwischenahn(17.11.-29.11.2003)"]
[Date "2003.??.??"]
[Round "1.89"]
[White "Schoerghuber, Kurt"]
[Black "Aigner, Georg"]
[Result "1-0"]
[WhiteElo "1702"]
[BlackElo "1806"]
[PlyCount "29"]


1. e4 e5 2. f4 d6 3. Nf3 Nd7 4. Bc4 Be7 5. O-O Ngf6 6. c3 Nb6 7. fxe5 dxe5 8.
Nxe5 O-O 9. Bxf7+ Kh8 10. Bb3 Qe8 11. d4 h6 12. Qd3 Nfd7 13. Nf7+ Kh7 14. e5+
g6 15. Nxh6 1-0

[Event "13sen.WMH 2003 Senioren"]
[Site "Bad Zwischenahn(17.11.-29.11.2003)"]
[Date "2003.??.??"]
[Round "1.91"]
[White "Petzold, Rolf"]
[Black "Petrasch, Klaus"]
[Result "1/2-1/2"]
[WhiteElo "1639"]
[BlackElo "1914"]
[PlyCount "41"]


1. d4 Nf6 2. Nf3 g6 3. c4 c5 4. d5 b5 5. cxb5 a6 6. b6 Qxb6 7. Nc3 d6 8. e4
Nbd7 9. Nd2 Bg7 10. Be2 O-O 11. O-O Qc7 12. Nc4 Nb6 13. Rb1 Nfd7 14. Bd2 Nxc4
15. Bxc4 Nb6 16. Be2 f5 17. f3 e5 18. dxe6 Bxe6 19. a4 Bc4 20. Bxc4+ Nxc4 21.
Re1 1/2-1/2

[Event "13sen.WMH 2003 Senioren"]
[Site "Bad Zwischenahn(17.11.-29.11.2003)"]
[Date "2003.??.??"]
[Round "1.92"]
[White "Weber, Gerhard,Dr.[34Levk]"]
[Black "Stock, Hugo"]
[Result "1/2-1/2"]
[WhiteElo "1879"]
[BlackElo "1614"]
[PlyCount "55"]


1. e4 c5 2. Nf3 Nc6 3. d4 cxd4 4. Nxd4 Nf6 5. Nxc6 bxc6 6. Bd3 d6 7. O-O e5 8.
Qe2 Be7 9. Kh1 O-O 10. Nd2 Qc7 11. Nc4 Be6 12. f4 Bxc4 13. Bxc4 Rad8 14. fxe5
dxe5 15. Bd3 Kh8 16. Bg5 Ng8 17. Be3 Rd6 18. Rf3 Rg6 19. Qf2 c5 20. c3 Rf6 21.
Rf1 Rxf3 22. Qxf3 c4 23. Bb1 Bc5 24. Rd1 Bb6 25. a3 Rd8 26. Bxb6 axb6 27. Bc2
f6 28. g3 1/2-1/2

[Event "13sen.WMH 2003 Senioren"]
[Site "Bad Zwischenahn(17.11.-29.11.2003)"]
[Date "2003.??.??"]
[Round "1.93"]
[White "Schuller, Erhard"]
[Black "Gohlke, Karl-Heinz"]
[Result "0-1"]
[WhiteElo "1586"]
[BlackElo "1880"]
[PlyCount "38"]


1. e4 c5 2. Nf3 a6 3. d4 cxd4 4. Nxd4 Nf6 5. Nc3 e5 6. Nb3 Bb4 7. f3 Nxe4 8.
fxe4 Qh4+ 9. Ke2 d5 10. Qxd5 Bg4+ 11. Ke3 Nc6 12. a3 Qh6+ 13. Kf2 Qf6+ 14. Ke1
Rd8 15. Qxd8+ Qxd8 16. Bd2 Nd4 17. Nxd4 exd4 18. Nd5 Bxd2+ 19. Kxd2 O-O 0-1

[Event "13sen.WMH 2003 Senioren"]
[Site "Bad Zwischenahn(17.11.-29.11.2003)"]
[Date "2003.??.??"]
[Round "1.94"]
[White "Schueler, Wolfgang[36Lichtb]"]
[Black "Smits, Oswald"]
[Result "1/2-1/2"]
[WhiteElo "1937"]
[BlackElo "1644"]
[PlyCount "91"]


1. e4 c5 2. Nc3 e6 3. g3 a6 4. Bg2 Qc7 5. d3 Nf6 6. f4 d6 7. Nf3 Nbd7 8. O-O
Be7 9. Kh1 O-O 10. Be3 b6 11. Ne2 Bb7 12. Bg1 Rad8 13. h3 Rfe8 14. g4 Kh8 15.
Qe1 Ng8 16. g5 f5 17. gxf6 Bxf6 18. Rb1 h6 19. h4 Nf8 20. Qg3 Qf7 21. Qh3 Qe7
22. Bh2 Nd7 23. Ng3 e5 24. Nh5 Qe6 25. f5 Qf7 26. Nxf6 Ndxf6 27. Ng5 Qe7 28.
Ne6 Rb8 29. Rg1 Bc8 30. Ng5 Nh5 31. Bf3 Ngf6 32. Bxh5 Nxh5 33. Nf3 Rg8 34. Rg6
Bd7 35. Rbg1 Rbf8 36. Nd2 b5 37. Nf1 Bc6 38. Ne3 Nf6 39. b3 Kh7 40. Bg3 Nh5 41.
Ng4 Be8 42. Qh2 Nf6 43. Be1 h5 44. Nxf6+ Rxf6 45. R6g2 Qb7 46. Bd2 1/2-1/2

[Event "13sen.WMH 2003 Senioren"]
[Site "Bad Zwischenahn(17.11.-29.11.2003)"]
[Date "2003.??.??"]
[Round "1.95"]
[White "Thonig, Manfred"]
[Black "Wallhof, Dieter"]
[Result "0-1"]
[WhiteElo "1538"]
[BlackElo "1986"]
[PlyCount "102"]


1. f4 g6 2. Nf3 Bg7 3. c4 c5 4. e3 Nc6 5. Nc3 Nf6 6. b3 d5 7. cxd5 Nxd5 8. Bb2
O-O 9. Be2 b6 10. O-O Ndb4 11. Na4 Bf5 12. Bxg7 Kxg7 13. Qc1 f6 14. Qc3 Nd5 15.
Qb2 Ncb4 16. Ng5 Kg8 17. Nf3 Bd3 18. Bxd3 Nxd3 19. Qc2 N5b4 20. Qc4+ Qd5 21.
Qxd5+ Nxd5 22. a3 Rfd8 23. g3 f5 24. Ra2 Rd6 25. Nb2 Nf6 26. Nc4 Rd5 27. Nce5
Nxe5 28. Nxe5 Ne4 29. d3 Nf6 30. h3 Nd7 31. Nc6 Rxd3 32. Kf2 Kf8 33. Rb2 Rd6
34. Ne5 Nxe5 35. fxe5 Rd5 36. g4 fxg4 37. Kg3+ Kg7 38. Rbf2 Rxe5 39. Kf4 Rf5+
40. Kxg4 h5+ 41. Kh4 Rxf2 42. Rxf2 Rf8 43. Rf4 Rxf4+ 44. exf4 Kf6 45. Kg3 Kf5
46. Kf3 e5 47. fxe5 Kxe5 48. h4 Kf5 49. a4 g5 50. hxg5 Kxg5 51. Kg3 h4+ 0-1

[Event "13sen.WMH 2003 Senioren"]
[Site "Bad Zwischenahn(17.11.-29.11.2003)"]
[Date "2003.??.??"]
[Round "1.96"]
[White "Semmler, Guenter"]
[Black "Kaiser, Hans[35BGladb]"]
[Result "1-0"]
[WhiteElo "1951"]
[BlackElo "1583"]
[PlyCount "69"]


1. Nf3 d5 2. d4 Nf6 3. g3 Bf5 4. Bg2 e6 5. O-O Nbd7 6. c4 c6 7. b3 Be7 8. Bb2
O-O 9. Nbd2 h6 10. Ne5 Ne4 11. Nxd7 Qxd7 12. Nxe4 Bxe4 13. Bxe4 dxe4 14. Qc2 f5
15. Rad1 Bf6 16. e3 Qf7 17. Rd2 Rfd8 18. b4 a5 19. a3 axb4 20. axb4 Qe7 21. Qb3
b5 22. Ra1 Kh7 23. Rxa8 Rxa8 24. cxb5 cxb5 25. d5 exd5 26. Bxf6 Qxf6 27. Qxd5
Ra1+ 28. Kg2 Rb1 29. Qxb5 Qf8 30. Rd4 Qc8 31. Rc4 Qf8 32. Rc5 Kg6 33. h4 Rb2
34. Qc4 Kh5 35. Qxe4 1-0

[Event "13sen.WMH 2003 Senioren"]
[Site "Bad Zwischenahn(17.11.-29.11.2003)"]
[Date "2003.??.??"]
[Round "1.97"]
[White "Fanenbruck, Guenter"]
[Black "Werl, Wolfgang"]
[Result "1/2-1/2"]
[WhiteElo "1593"]
[BlackElo "1758"]
[PlyCount "45"]


1. e4 d6 2. d4 Nf6 3. Nc3 e5 4. dxe5 dxe5 5. Qxd8+ Kxd8 6. Bg5 c6 7. O-O-O+ Kc7
8. Bc4 Be6 9. Bxe6 fxe6 10. Nge2 Bb4 11. f3 Nbd7 12. Be3 Bxc3 13. Nxc3 b5 14.
b3 Nb6 15. Rd2 Rhd8 16. Rhd1 Rxd2 17. Rxd2 Rd8 18. Bxb6+ axb6 19. Rxd8 Kxd8 20.
Kd2 Ke7 21. Ne2 h5 22. h3 g5 23. g4 1/2-1/2

[Event "13sen.WMH 2003 Senioren"]
[Site "Bad Zwischenahn(17.11.-29.11.2003)"]
[Date "2003.??.??"]
[Round "1.98"]
[White "Baumgartner, Walter,Dr."]
[Black "Budde, Reinhard"]
[Result "1-0"]
[WhiteElo "2085"]
[BlackElo "1932"]
[PlyCount "75"]


1. d4 Nf6 2. c4 g6 3. g3 Bg7 4. Bg2 c6 5. d5 O-O 6. Nc3 a6 7. e4 d6 8. Nge2
cxd5 9. cxd5 Nbd7 10. O-O Nc5 11. b3 b5 12. Nd4 Bb7 13. Nce2 Qb6 14. h3 Rac8
15. Be3 Qd8 16. Qd2 Re8 17. Rac1 Ncd7 18. Rxc8 Qxc8 19. Rc1 Qd8 20. Nc6 Qa8 21.
f4 e6 22. dxe6 Rxe6 23. Ned4 Re8 24. Qc2 d5 25. e5 Ne4 26. Bxe4 dxe4 27. Qxe4
Nf8 28. Qc2 Ne6 29. Nf3 Nd8 30. Nfd4 Ne6 31. Nxe6 Rxe6 32. Nd4 Re8 33. Qd2 Qd8
34. Ne2 Qa8 35. Bb6 Bh1 36. Nd4 Bf8 37. Kh2 Qd5 38. Rxh1 1-0

[Event "13sen.WMH 2003 Senioren"]
[Site "Bad Zwischenahn(17.11.-29.11.2003)"]
[Date "2003.??.??"]
[Round "1.100"]
[White "Rueggeberg, Wilhelm"]
[Black "Kunze, Manfred"]
[Result "1-0"]
[WhiteElo "1777"]
[BlackElo "1550"]
[PlyCount "27"]


1. d4 Nf6 2. c4 g6 3. Nf3 d6 4. Nc3 e6 5. Bg5 Be7 6. Qd2 Nbd7 7. Bf4 O-O 8. e4
c5 9. dxc5 Nxc5 10. Rd1 e5 11. Be3 Bg4 12. Be2 Bxf3 13. Bxf3 Ne6 14. O-O 1-0

[Event "13sen.WMH 2003 Senioren"]
[Site "Bad Zwischenahn(17.11.-29.11.2003)"]
[Date "2003.??.??"]
[Round "1.101"]
[White "Schulz, Hermann[35Uelzen]"]
[Black "Bernhoeft, Erhard"]
[Result "1-0"]
[WhiteElo "1584"]
[BlackElo "1947"]
[PlyCount "53"]


1. e4 c5 2. Nf3 Nc6 3. d4 cxd4 4. Nxd4 Qb6 5. Nb3 e6 6. Bd3 Nf6 7. O-O a6 8.
Nc3 Qc7 9. Be3 b6 10. Qe2 d6 11. Rad1 Be7 12. f4 b5 13. a3 Bb7 14. h3 Nd7 15.
f5 Nce5 16. fxe6 fxe6 17. Nd4 Nc5 18. Ncxb5 axb5 19. Bxb5+ Bc6 20. Nxc6 Nxc6
21. b4 Nb7 22. Qg4 Rxa3 23. Qxg7 Rxe3 24. Qxh8+ Kd7 25. Rf7 Qb6 26. Bxc6+ Qxc6
27. Qf8 1-0

[Event "13sen.WMH 2003 Senioren"]
[Site "Bad Zwischenahn(17.11.-29.11.2003)"]
[Date "2003.??.??"]
[Round "1.102"]
[White "Niebaum, Karl"]
[Black "Jessen, Ernst"]
[Result "1/2-1/2"]
[WhiteElo "1798"]
[BlackElo "1570"]
[PlyCount "78"]


1. e4 e6 2. d4 d5 3. Nd2 c5 4. c3 cxd4 5. cxd4 dxe4 6. Nxe4 Bb4+ 7. Nc3 Nf6 8.
a3 Be7 9. Nf3 O-O 10. Be2 b6 11. Bf4 Bb7 12. O-O Nbd7 13. Rc1 Nd5 14. Be5 N7f6
15. Nb5 Ba6 16. Qa4 Bxb5 17. Bxb5 a6 18. Bxa6 Qd7 19. Qxd7 Nxd7 20. Bb5 N7f6
21. Rc2 Rac8 22. Rfc1 Rxc2 23. Rxc2 Rd8 24. h3 Kf8 25. Rc6 Ne4 26. Bc4 f6 27.
Bxd5 Rxd5 28. Bf4 e5 29. Be3 b5 30. dxe5 fxe5 31. Rb6 Bd6 32. g3 h6 33. Rb7 Be7
34. Kg2 Kf7 35. Nh4 Nd6 36. Rc7 Ke6 37. Nf3 Nc4 38. b4 Nxa3 39. Bc5 Bxc5
1/2-1/2

[Event "13sen.WMH 2003 Senioren"]
[Site "Bad Zwischenahn(17.11.-29.11.2003)"]
[Date "2003.??.??"]
[Round "1.103"]
[White "Voelkel, Gustav"]
[Black "Titz, Herbert"]
[Result "0-1"]
[WhiteElo "1572"]
[BlackElo "1949"]
[PlyCount "62"]


1. d4 Nf6 2. Nf3 c5 3. e3 g6 4. Nbd2 Bg7 5. Be2 Nc6 6. c3 d6 7. a3 O-O 8. O-O
Re8 9. b4 e5 10. Bb2 b6 11. Rc1 Bb7 12. Qb3 Rc8 13. Rfd1 Qe7 14. Bc4 Nd8 15. d5
e4 16. Ne1 Nd7 17. Nf1 f5 18. Bb5 Rf8 19. Bxd7 Qxd7 20. c4 Qe7 21. Bxg7 Qxg7
22. Rb1 Nf7 23. Ng3 Ne5 24. bxc5 Rxc5 25. Rbc1 Rfc8 26. Rd4 Ba6 27. Qb4 Qd7 28.
f3 exf3 29. Nxf3 Nxc4 30. Ng5 Nxe3 31. Rxc5 bxc5 0-1

[Event "13sen.WMH 2003 Senioren"]
[Site "Bad Zwischenahn(17.11.-29.11.2003)"]
[Date "2003.??.??"]
[Round "1.104"]
[White "Oelert, Ralf"]
[Black "Bergmann, Hans-Dieter"]
[Result "1-0"]
[WhiteElo "1944"]
[BlackElo "1595"]
[PlyCount "53"]


1. e4 c5 2. Nf3 d6 3. c3 Nf6 4. Bd3 Nc6 5. h3 a6 6. a4 Nh5 7. Bc4 e6 8. d4 Nf6
9. d5 Na5 10. Ba2 Nxe4 11. Qe2 Nf6 12. b4 cxb4 13. cxb4 e5 14. bxa5 Qxa5+ 15.
Bd2 Qxa4 16. Nc3 Qd7 17. Bc4 Rb8 18. O-O b5 19. Nxe5 Qe7 20. Nc6 Qxe2 21. Bxe2
Rb7 22. Rfe1 Be7 23. Bf3 b4 24. Ne4 Nxe4 25. Rxe4 b3 26. Rae1 b2 27. Rxe7+ 1-0